| 000 | 00000nam##2200000za#4500 |
| 001 | 9.662325 |
| 003 | CaOODSP |
| 005 | 20200330091538 |
| 007 | ta |
| 008 | 150407|2000||||xxc||||| f|0| 0 eng|d |
| 020 | |a0-662-65350-5 |
| 040 | |aCaOODSP|beng |
| 041 | |aeng |
| 041 | |afre |
| 043 | |an-cn--- |
| 086 | 1 |aCH24-1/2000-1 |
| 110 | 1 |aCanada.|bCanadian Heritage. |bSport Canada. |
| 245 | 10|aSport participation in Canada, 1998 report |
| 260 | |aOttawa - Ontario : |bCanadian Heritage. |c2000. |
| 300 | |aEnglish text, 73p. : |bgraphs, tables ; |c28 cm. |
| 546 | |aBilingual |
| 563 | |aSoftcover |
| 590 | |a01-09|b2001-03-02 |
| 690 | 07|aSports|2gcpds |
| 776 | 0#|tLa pratique des sports au Canada : |w(CaOODSP)9.630519 |
| 776 | 0#|tSport participation in Canada : |w(CaOODSP)9.685943 |
| 792 | |tLa pratique des sports au Canada, rapport de 1998 |efre|w(CaOODSP)9.662326 |